000 00528nam a2200205Ia 4500
005 20250923144340.0
008 008 250917s9999 xx 000 0 eng d
037 _aTextual
040 _aDSWL
_beng
_cDSWL
041 _aeng
_2eng
084 _aS, H8
_qDSWL
100 _aNicole, J.E
_9823960
245 0 _aNormal and abnormal psychology
_cby J.E Nicole
260 _aLondon
_c1948
300 _a96 p.
365 _aINR
_b8.6
925 _g8.6
942 _cTEXL
_hS, H8
999 _c1437762
_d1437762